| 000 | 00875caa a22002417a 4500 | ||
|---|---|---|---|
| 999 |
_c420742 _d420742 |
||
| 001 | 132210 | ||
| 003 | UA-OsUOA | ||
| 005 | 20200129110036.0 | ||
| 007 | ta | ||
| 008 | 20180712b un ||||| |||| 00| 0 ukr d | ||
| 040 |
_aUA-OsUOA _bukr _cUA-OsUOA _dUA-OsUOA |
||
| 041 | _aukr | ||
| 080 | _a908 | ||
| 090 |
_a908 _bО-51 |
||
| 100 | _aЛіщук Д. | ||
| 245 |
_aОкремі історичні аспекти Оршанської битви _cД. Ліщук |
||
| 300 | _aС. 5–7 | ||
| 650 | 7 |
_a908 Краєзнавство _2UDC |
|
| 773 | 0 |
_0396164 _9415205 _aЛіщук Д. С. _dЧернівці 2014 _o147450 _tКнязь Костянтин Острозький крізь призму Оршанської битви 1514 року _w(UA-OsUOA) 110119 |
|
| 942 |
_cBKA _2udc |
||
| 955 | _a1 | ||